00860nam a2200193 a 4500003000200000005001700002008004100019050002900060100002900089245014700118260009300265300004600358504004100404650003400445650004100479650005600520650004500576650004500621020250310145847.0080827s19uu xx 00 eng d aPGS HV 888.5b.Or74 #132 aOrnelas, Ma. Angelita J. aA comparative study on the social and emotional growth of the children in Elsie Gaches Village and House of Sarang /cMa. Angelita J. Ornelas. aLas Piñas City, Philippines : bSouthville International School and Colleges, c2008. a57 pages : b illustrations ; c28 cm.  aIncludes bibliographical references. aOrphanages vSocial aspects.  aOrphans vPsychological development. aInstitutional care vEffects on child development.  aChildren vSocial and emotional growth.  aResidential care vChildren’s welfare.